Química Atmosférica: Origen y efectos de la contaminación
Salvato in:
| Autore principale: | |
|---|---|
| Natura: | Libro |
| Lingua: | spagnolo |
| Pubblicazione: |
Madrid
Miraguano Ediciones
2000
|
| Edizione: | 3a. ed |
| Soggetti: | |
| Tags: |
Aggiungi Tag
Nessun Tag, puoi essere il primo ad aggiungerne!!
|
MARC
| LEADER | 00000nam a2200000 a 4500 | ||
|---|---|---|---|
| 001 | UCH5481 | ||
| 003 | CL-VaPUC | ||
| 008 | 091014e20000000SP |||||||||||||||||spa|d | ||
| 020 | |a 8478130799 | ||
| 082 | 0 | 4 | |a 628.53 |b DOM |2 21 |
| 100 | |a Domenech, Xavier |e author |9 325535 | ||
| 245 | 1 | 0 | |a Química Atmosférica: Origen y efectos de la contaminación |
| 250 | |a 3a. ed | ||
| 300 | |a 174 p | ||
| 942 | |c BK | ||
| 945 | |d 20091014 00:00:00 |a ccalabra | ||
| 260 | |a Madrid |b Miraguano Ediciones |c 2000 | ||
| 650 | 0 | |a Medio ambiente |9 257625 | |
| 650 | 0 | |a Protección del medio ambiente |9 257626 | |
| 650 | 0 | |a Química |9 259896 | |
| 650 | 0 | |a Contaminación del aire |9 255745 | |
| 650 | 0 | |a Contaminación ambiental |9 314181 | |
| 583 | |a last modification |c 20190710 09:30:41 |k Rodrigo Vera | ||
| 999 | |c 336613 |d 336611 | ||